02590cam a2200505 i 4500001001200000003000600012005001700018008004100035020005500076020011200131035002200243035002300265040007000288045001700358046000900375100003700384245025000421260019000671300006100861336002700922337005400949338002801003380001601031380003201047388001001079490004901089490012701138500006301265504003501328600006001363600007301423648001901496650003601515650001701551651001601568655001901584658001301603658002801616700003001644700004201674710012701716710010101843830004601944830009401990xx004869867NUKAT20260428122817.0200526s2020 pl a |000 0bpol c a9788380988194q(oprawa twarda ;qIPN) :czł 15,00 a9788388202681q(oprawa twarda ;qWydawnictwo im. Stefana Kardynała Wyszyńskiego "Soli Deo") :czł 15,00 a(OCoLC)1156642923 a(NUKAT)xx004869867 aKAT U/JPbpolerdacKAT U/JPsdKAT U/AWdWA 392/MDdOLSZT 008/bak2 bd1901bd1981 k20201 aŁatka, Rafałd(1985- ).eAutor10aPrymas Stefan Wyszyński :bbiografia /cRafał Łatka, Beata Mackiewicz, Dominik Zamiatała ; Instytut Pamięci Narodowej - Komisja Ścigania Zbrodni przeciwko Narodowi Polskiemu, Wydawnictwo im. Stefana Kardynała Wyszyńskiego "Soli Deo". a[Warszawa] :bInstytut Pamięci Narodowej - Komisja Ścigania Zbrodni przeciwko Narodowi Polskiemu :bWydawnictwo im. Stefana Kardynała Wyszyńskiego "Soli Deo",c© copyright 2020. a116, [1] strona :bilustracje (w tym kolorowe) ;c25 cm. aTekstbtxt2rdacontent aBez urządzenia pośredniczącegobn2rdamedia aWoluminbnc2rdacarrier aKsiążki aPublikacje popularnonaukowe1 a2001-1 aBiskupi w Realiach Komunistycznego Państwa1 aCentralny Projekt Badawczy IPN - Władze Komunistyczne wobec Kościołów i Związków Wyznaniowych w Polsce 1944-1989 aMiejsce wydania ustalone na podstawie siedziby wydawców. aBibliografia strony 108-[117].07aStefan Wyszyńskic(błogosławiony ;d1901-1981)2DBN07aStefan Wyszyńskic(błogosławiony ;d1901-1981)vbiografie.2kaba 7a1901-20002DBN 7aDuchowieństwo katolickie2DBN 7aPrymasi2DBN 7aPolska2DBN 7aBiografia2DBN aHistoria aReligia i duchowość1 aMackiewicz, Beata.eAutor1 aZamiatała, Dominikd(1967- ).eAutor2 aInstytut Pamięci Narodowej - Komisja Ścigania Zbrodni przeciwko Narodowi Polskiemu.eInstytucja sprawczaeWydawca4pbl2 aWydawnictwo im. Stefana Kardynała Wyszyńskiego "Soli Deo".eInstytucja sprawczaeWydawca4pbl 0aBiskupi w Realiach Komunistycznej Władzy 0aWładze Komunistyczne wobec Kościołów i Związków Wyznaniowych w Polsce 1944-1989